Statistics for Microstate by flag

Click here to take the quiz!

General Stats

  • This quiz has been taken 13 times
  • The average score is 14 of 16

Answer Stats

Answer% Correct
Barbados
100%
Liechtenstein
100%
Monaco
100%
San Marino
100%
Vatican City
100%
Andorra
92%
Antigua and Barbuda
92%
Nauru
92%
Saint Lucia
92%
Bahamas
83%
Marshall Islands
75%
Palau
75%
Seychelles
75%
Maldives
67%
Saint Kitts and Nevis
58%
Saint Vincent and the Grenadines
58%

Score Distribution

Percentile by Number Answered

Percent of People with Each Score

Your Score History

You have not taken this quiz